|
|
|
|
| LEADER |
00000ny a22000003n 4500 |
| 005 |
20110510110520.0 |
| 006 |
s r p s g |0 b0 |
| 007 |
cr cnu---m|a|a |
| 008 |
050506c19389999us f j eng c |
| 010 |
|
|
|a 41019410
|
| 022 |
|
|
|a 0024-6859
|
| 035 |
|
|
|a 1747
|
| 040 |
|
|
|a SpMaUCDE
|d vLex
|
| 080 |
|
|
|a 34(05)(086)
|
| 090 |
|
|
|c 1501
|d 1501
|
| 245 |
0 |
0 |
|a Louisiana law review
|h [Recurso electrn̤ico]
|c Louisiana State University (Baton Rouge).Law School
|
| 256 |
|
|
|a Servicio en ln̕ea
|
| 260 |
|
|
|a Baton Rouge :
|b Louisiana Law Review
|
| 310 |
|
|
|a Quincenal
|
| 321 |
|
|
|a Trimestral,
|b otoǫ 1972-verano 1981
|
| 506 |
1 |
|
|a Contenido solo disponible en los productos indicados
|d vLex Global
|d vLex Global (Academic Edition, excluding Law Schools)
|d vLex Global (U.S. Academic Edition, Law Schools)
|d vLex Global (U.S. Academic Edition, excluding Law Schools)
|d vLex Global (Academic Edition, Law Schools)
|
| 650 |
0 |
4 |
|a Derecho
|z Estados Unidos
|x Publicaciones perid̤icas
|
| 710 |
2 |
|
|a Louisiana State University and Agricultural and Mechanical College.Law school
|
| 710 |
2 |
|
|a Louisiana State University(Baton Rouge).Law School
|
| 740 |
0 |
|
|a vLex Revista (Servicios en ln̕ea)
|
| 843 |
|
|
|a Electrn̤ica. Abierta
|
| 853 |
|
|
|8 1
|i (year)
|j (month)
|k (day)
|
| 856 |
4 |
0 |
|u http://vlex.com/source/1747
|z Acceso restringido
|
| 942 |
|
|
|c REV
|